Представление документа в формате RUSMARC

Поле Инд. ПП Название Значение
Тип записи a
Библиографический уровень a
001 Контрольный номер 1e79a3b57e6a4e829ac6f06b3091d87e
005 Дата корректировки 20181204105746.9
100 a Данные общей обработки 20181204 ||| 0rusy0189 ca
101 0_ a Язык текста rus
102 a Страна публикации RU
200 1_ f Первые сведения об ответственности С.Г. Еремин
a Заглавие Нормы "мягкого права" как новый источник финансового права России
b Общее обозначение материала Текст
210 1_ d Дата издания 2018
461 _0 1 2000
a Финансовое право
463 _0 1 2000
a № 10
v С. 3-5
1 2101
d 2018
1 00166ca08e3444141c483bf880c95af6b0c
606 a Основная рубрика Финансовое право
610 0_ a Ключевые слова НОРМА ПРАВА
a Ключевые слова ИСТОЧНИКИ ПРАВА
700 _1 a Фамилия Еремин
b Имя С.Г.
801 _0 a Страна RU
b Организация РГУП
c Дата составления 20181204
g Правила каталогизации PSBO
801 _1 a Страна RU
b Организация РГУП
c Дата составления 20181204
g Правила каталогизации PSBO
901 t Тип документа b
w Контрольный № источника 66ca08e3444141c483bf880c95af6b0c
905 a Дата ввода 20181204